1748 1224 1615 1023 1619 1684 1912 1982 1420 1151 1647 1998 1533 1444 1995 1589 1895 1873 1039 1033 1052 1250 1748 1977 1737 1707 1317 1806 1590 1060 1049 1327 1463 1454 1096 1161 1204 1111 1644 1120 1215 1765 1531 1383 1821 1705 1093 1815 1232 1059 1756 1476 1633 1913 1675 1658 1861 1423 1993 1512 1249 1684 1248 1900 1768 1809 1179 1484 1873 1089 1430 1437 1169 1681 1667 1976 1409 1259 1158 1138 1116 1448 1232 1108 1328 1652 1944 1048 1950 1274 1923 1532 1909 1990 1950 1992 1075 1363 1373 BCNSPRNW ULIB Ver.6.0+V

เปลี่ยนเป็นภาษาไทย

Change to English
 แสดงรายละเอียดบรรณานุกรม
  กลับหน้าหลัก

Brief Record : Get Marc (ISO 2709) : E-mail record : QR code < ปิดหน้าต่าง
LEADER : 00000nam 2200000uu 4500
001    13399108765
003     ULIB
008    110314s2543||||th 000 0 tha d
020    9748059448
060 04 W20.5^bจ167ง 2543
245 00 งานวิจัยทางคลินิก /^cบรรณาธิการ, จริยา เลิศอรรฆยมณี,ประดิษฐ์ สมประกิจ, อุบลรัตน์ สันตวัตร
260    กรุงเทพฯ :^bไพศาลศิลป์การพิมพ์,^c2543
300    168 หน้า ;^bภาพประกอบ ;^c26 ซม.
650  2 Medicine
650  2 Research
650  7 การแพทย์^xสถิติ
650  7 วิจัย
650  7 รางวัลตำราศิริราช-มหิดล
653    ผลงานอาจารย์คณะแพทยศาสตร์ศิริราชพยาบาล
700 0  จริยา เลิศอรรฆยมณี,^eบรรณาธิการ
945    ^p160^l0^i017670
945    ^p160^l0^i013148
945    ^p160^l0^i013147
945    ^p160^l0^i013146
995    ทศพร
999 ^a ใช้งานได้ทุกระบบ
รายการนี้ยังไม่มีแท็ก
คุณยังไม่ได้ล็อกอิน คุณสามารถมีกิจกรรมร่วมกับเว็บไซต์ได้ แต่ต้องล็อกอินก่อน ::
  ล็อกอิน

รายการสื่อสารสนเทศ

ลำดับที่ ประเภท เลขเรียก/บาร์โค้ด สถานที่ สถานะ
- ไม่พบข้อมูล -

รายการใกล้เคียง
    หัวเรื่อง [Medicine]
    หัวเรื่อง [Research]
    หัวเรื่อง [วิจัย]
    หัวเรื่อง [รางวัลตำราศิริราช-มหิดล]

BibComment


ยังไม่เคยถูกคอมเมนท์

คอมเมนท์ทรัพยากรรายการนี้
  คอมเมนท์: งานวิจัยทางคลินิก..


 Copyright 2026. Bcnsprnw @Library